LEADER 01172nam0-22003131i-450- 001 990000848170403321 005 20040113164456.0 035 $a000084817 035 $aFED01000084817 035 $a(Aleph)000084817FED01 035 $a000084817 100 $a20020821d--------km-y0itay50------ba 101 0 $aita 105 $ay-------001yy 200 1 $aApplications de la statistique a la demographie et a la biologie$eLes Applications de la theorie des probabilites aux scien-ces economiques et aux sciences biologi- ques$fpar R. Risser, C.-E. Traynard 210 $a2. ed. revue et aug. d'apres les notes de l'Auteur - Paris$cGauthier-Villars & C.ie$dEditeur-Imprimeur$d1965 215 $aXII, 363 p.$d24 cm 225 1 $aTraité du calcul des probabilites et de ses applications 300 $aFasc.III del tome III 676 $a519.5 ; 519.2 ; 700 1$aRisser,$bR.$041283 702 1$aTraynard,$bClaude Emile 801 0$aIT$bUNINA$gRICA$2UNIMARC 901 $aBK 912 $a990000848170403321 952 $a02 29 B 2$b280$fFINBN 959 $aFINBN 996 $aApplications de la statistique a la demographie et a la biologie$9348561 997 $aUNINA LEADER 01415nam--2200409---450- 001 990001703200203316 005 20050126103147.0 035 $a000170320 035 $aUSA01000170320 035 $a(ALEPH)000170320USA01 035 $a000170320 100 $a20040527d1983----km-y0itay0103----ba 101 0 $aita 102 $aIT 105 $a||||||||001yy 200 1 $aAmerica$fFranz Kafka$gtraduzione di Alberto Spaini$gcon una cronologia della vita dell'autore e dei suoi tempi, un'introduzione, un'antologia critica e una bibliografia a cura di Roberto Fertonani 210 $aMilano$cMondadori$d1983 215 $a361 p.$d18 cm 225 2 $a<> Oscar$v421$iNarrativa$h407 410 0$12001$a<> Oscar$v421$iNarrativa$h407 454 1$12001$aAmerika$925121 461 1$1001-------$12001 676 $a833.9 700 1$aKAFKA,$bFranz$0155661 702 1$aSPAINI,$bAlberto 702 1$aFERTONANI,$bRoberto 801 0$aIT$bsalbc$gISBD 912 $a990001703200203316 951 $aVII.2.A. 142 (Varie coll. 400/407)$b9507 L.M.$cVarie coll. 951 $aVII.2.A. 142a (Varie coll.400/407 bis)$b11214 L.M.$cVarie coll. 951 $aVII.2.A. 142b (Varie coll.400/407 a)$b11215 L.M.$cVarie coll. 959 $aBK 969 $aUMA 979 $aSIAV3$b10$c20040527$lUSA01$h0931 979 $aCOPAT4$b90$c20050126$lUSA01$h1031 996 $aVerschollene$925121 997 $aUNISA LEADER 04332nam 22005895 450 001 9910590072003321 005 20260114155648.0 010 $a3-030-95251-7 024 7 $a10.1007/978-3-030-95251-8 035 $a(MiAaPQ)EBC7077737 035 $a(Au-PeEL)EBL7077737 035 $a(CKB)24746158000041 035 $a(OCoLC)1343009887 035 $a(BIP)082668391 035 $a(PPN)264195582 035 $a(DE-He213)978-3-030-95251-8 035 $a(EXLCZ)9924746158000041 100 $a20220825d2022 u| 0 101 0 $aeng 135 $aurcnu|||||||| 181 $ctxt$2rdacontent 182 $cc$2rdamedia 183 $acr$2rdacarrier 200 10$aOptics for the New Millennium $eAn Absolute Review Textbook /$fedited by KAMRAN RIAZ, G. Vike Vicente, Daniel Wee 205 $a1st ed. 2022. 210 1$aCham :$cSpringer International Publishing :$cImprint: Springer,$d2022. 215 $a1 online resource (464 pages) 311 08$aPrint version: Riaz, Kamran M. Optics for the New Millennium Cham : Springer International Publishing AG,c2022 9783030952501 320 $aIncludes bibliographical references and index. 327 $aSection I: Ophthalmic Optics For Written Exam -- Chapter 1. Geometric Optics -- Chapter 2. Prisms -- Chapter 3. Lenses -- Chapter 4. Mirrors and Combined Systems -- Chapter 5. Power of Lenses in Different Media -- Chapter 6. Lens Effectivity -- Chapter 7. Schematic Eye -- Chapter 8. Magnification and Telescopes -- Chapter 9. Accommodation and Presbyopia -- Chapter 10. Spherocylindrical Lenses -- Chapter 11. Astigmatism -- Chapter 12. Glasses for Written Exams -- Chapter 13. Contact Lenses for Written Exams -- Chapter 14. Physical Optics and Advanced Optical Principles -- Section II: Ophthalmic Optics for Oral Exams and Clinical Practice -- Chapter 15. Glasses in Clinical Practice -- Chapter 16. Construction of Glasses -- Chapter 17. Optical Instruments -- Chapter 18. Visual Activity Testing and Assessment -- Chapter 19. Low Vision and Vision Rehabilitation -- Chapter 20. Contact Lenses in Clinical Practice -- Chapter 21. Clinical Problems with Optics and Refractive Manifestations -- Chapter 22. Optics for Clinical and Surgical Management of Strabismus -- Chapter 23. Pediatric Optics -- Chapter 24. Myopia Control -- Chapter 25. Optics in Micro-Gravity and Zero-Gravity Conditions -- Section III: Ophthalmic Optics for Surgical Practice -- Chapter 26. Preoperative Optics for Cataract Surgery -- Chapter 27. What's on the Menu: An Overview of IOLs and Relevant Optics -- Chapter 28. Intraoperative Optics for Cataract Surgery -- Chapter 29. Postoperative Optics for Cataract Surgery -- Chapter 30. Optics for Refractive Surgery. 330 $aThis textbook serves as a comprehensive manual on Optics that includes both didactics and assessment questions in an easy-to-read format. It provides an educational and entertaining resource that reinforces the relevance of the subject matter to modern clinical and surgical ophthalmology practice. The book offers a one-stop compendium for students studying for certification exams and for practicing ophthalmologists to review and learn Optics that will have relevance to their day-to-day practice. Chapters are written in a teaching-oriented style and include hi-yield summaries, 375+ original figures, and 190+ review questions. The book is divided into three areas of focus: Written Exam Preparation Oral Exam Preparation and Clinical Practice Ophthalmic Optics for Surgical Practice Optics for the New Millennium is a must-have resource for ophthalmology residents as well as practicing ophthalmologists with clinical, surgicaland testable relevance. 606 $aOphthalmology 606 $aOphthalmology 606 $aÒptica fisiològica$2thub 606 $aOftalmologia$2thub 608 $aLlibres electrònics$2thub 615 0$aOphthalmology. 615 14$aOphthalmology. 615 7$aÒptica fisiològica 615 7$aOftalmologia 676 $a617.70076 676 $a617.7 702 $aRiaz$b Kamran M.$4edt 702 $aVicente$b G. Vike$4edt 702 $aWee$b Daniel$4edt 801 0$bMiAaPQ 801 1$bMiAaPQ 801 2$bMiAaPQ 906 $aBOOK 912 $a9910590072003321 996 $aOptics for the New Millennium$92908260 997 $aUNINA